000 00268nam a22001097a 4500
082 _a658.5 RUS'M
100 _aRUSINOFF, S. E
_938976
245 _aMANUFACTURING PROCESSES PRODUCTION AND MATERIALS
260 _aLONDON
_bTECHNICAL
_c1957
300 _a560P
942 _cBK
999 _c585245
_d585245